| 000 | 00000nam##2200000za#4500 |
| 001 | 9.637699 |
| 003 | CaOODSP |
| 005 | 20210624221328 |
| 007 | cr ||||||||||| |
| 008 | 150407|2001||||xxc|||||o f|0| 0 fre|d |
| 040 | |aCaOODSP|bfre |
| 043 | |an-cn--- |
| 086 | 1 |aA22-218/2001F-PDF |
| 110 | 1 |aCanada. |bAgriculture et agroalimentaire Canada. |bDirection générale des politiques. |
| 245 | 10|aConférence rurale nationale : |h[ressource électronique]|bplan d'action rural |
| 260 | |aOttawa - Ontario : |bAgriculture et Agroalimentaire Canada. |c2001. |
| 300 | |a19p. |
| 590 | |a10-05-Supp|b2010-07-20 |
| 691 | 07|aCommunauté isolée|2gcpds |
| 691 | 07|aCommunauté rurale|2gcpds |
| 691 | 07|aDéveloppement rural|2gcpds |
| 775 | 08|tThe National Rural Conference : |w(CaOODSP)9.693521 |
| 776 | 0#|tThe National Rural Conference: rural action plan |w(CaOODSP)9.662541 |
| 776 | 0#|tConférence rurale nationale: plan d'action rural |w(CaOODSP)9.662542 |
| 856 | 40|ahttp://publications.gc.ca|qPDF|s229 Ko|uhttps://publications.gc.ca/collections/Collection/A22-218-2001F.pdf |